| 000 | 01168cam a2200361 a 4500 | ||
|---|---|---|---|
| 001 | 5900 | ||
| 003 | BD-RjUL | ||
| 005 | 20211208234142.0 | ||
| 008 | 140108s1982 nyua b 001 0 eng | ||
| 020 | _a0080272193 | ||
| 035 | _a(OCoLC)7774320 | ||
| 035 | _a(OCoLC)ocm07774320 | ||
| 035 | _a(CStRLIN)NYCG83-B22845 | ||
| 035 | _a(BD-RjUL)5939 | ||
| 035 | _a(NNC)148758 | ||
| 040 |
_aBD-RjUL _beng _cBD-RjUL _dBD-RjUL |
||
| 041 | _aeng | ||
| 082 | 0 |
_a355.43 _219 _bSTR 1982 |
|
| 090 |
_aU163 _b.S76 1982 |
||
| 245 | 0 | 0 |
_aStrategic military deception / _cedited by Donald C. Daniel, Katherine L. Herbig. |
| 260 |
_aNew York : _bPergamon Press, _cc1982. |
||
| 300 |
_axiii, 378 p. : _bill. ; _c24 cm. |
||
| 490 | 1 | _aPergamon policy studies on security affairs | |
| 504 | _aIncludes bibliographical references and index. | ||
| 650 | 0 |
_aStrategy. _918542 |
|
| 650 | 0 |
_aDeception. _918543 |
|
| 700 | 1 |
_aDaniel, Donald C. _q(Donald Charles), _d1944- _918544 |
|
| 700 | 1 |
_aHerbig, Katherine L. _q(Katherine Lydigsen) _918545 |
|
| 830 | 0 |
_aPergamon policy studies on security affairs. _917976 |
|
| 942 |
_2ddc _cBK |
||
| 999 |
_c5900 _d5900 |
||